[Event "CAN-ch U18"]
[Site "Vancouver"]
[Date "2012.07.04"]
[Round "4"]
[White "Cheng, Jack"]
[Black "Pouliot, Marc Andre"]
[Result "1-0"]
[WhiteElo "2158"]
[BlackElo "741"]
[PlyCount "115"]
[EventDate "2012.07.03"]
[EventType "tourn"]
[EventRounds "7"]
[EventCountry "CAN"]
[SourceTitle "EXT 2022"]
[Source "ChessBase"]
[SourceDate "2021.10.06"]
[SourceVersion "1"]
[SourceVersionDate "2021.10.06"]
[SourceQuality "1"]

1. e4 e5 2. Nf3 Nc6 3. d4 d6 4. dxe5 dxe5 5. Qxd8+ Nxd8 6. Nxe5 f6 7. Nf3 Ne6 8. Bc4 Bc5 9. 0-0 Bd7 10. Nc3 0-0-0 11. e5 Ne7 12. Re1 Ng5 13. Nxg5 fxg5 14. Bxg5 Rdf8 15. Be3 Bxe3 16. Rxe3 Rf5 17. Rd1 c6 18. Red3 Rd8 19. Rxd7 Rxd7 20. Be6 Rxe5 21. Bxd7+ Kc7 22. f4 Re3 23. Kf2 Rxc3 24. bxc3 b5 25. Bg4 Nd5 26. Rd3 Nxf4 27. Rd7+ Kb6 28. Rxg7 Nd5 29. Rxh7 Nxc3 30. Be6 a5 31. g4 Ne4+ 32. Ke3 Nf6 33. Rf7 Nxg4+ 34. Bxg4 a4 35. Rf4 Ka5 36. Bd7 c5 37. Bxb5 Kxb5 38. h4 c4 39. a3 Kc5 40. h5 c3 41. h6 Kd5 42. h7 Ke5 43. h8Q+ Kd6 44. Qxc3 Kd5 45. Rxa4 Ke6 46. Rd4 Kf5 47. a4 Kg6 48. a5 Kg7 49. a6 Kh7 50. a7 Kh8 51. a8Q+ Kg7 52. Qaa1 Kf6 53. Qd2 Kf5 54. c4 Ke5 55. Re4+ Kf5 56. Qf2+ Kg5 57. Qag1+ Kh5 58. Rh4# 1-0